000 00291nam a22001217a 4500
999 _c167050
_d167050
082 _a
_b
245 _aEnvironmental history asif nature existed/
_cby John R McNeil (ed.).
260 _a
_bOxford,
_c2011.
300 _a248p.
650 _a
700 _aJohn R McNeil (ed.)
942 _cBK